Kebiasaan belajar dan sikap belajar pelajar-pelajar Diploma Kejuruteraan Awam tahun kedua Universiti Teknologi Malaysia Kuala Lumpur /
Saved in:
| Main Author: | |
|---|---|
| Format: | Thesis Book |
| Language: | Malay |
| Published: |
1977.
|
| Subjects: | |
| Tags: |
Add Tag
No Tags, Be the first to tag this record!
|
| LEADER | 01200cam a2200301 a 4500 | ||
|---|---|---|---|
| 001 | u140013 | ||
| 003 | SIRSI | ||
| 008 | 920207s1977 my bt 00 1 may m | ||
| 035 | |a AAQ-1755 | ||
| 040 | |a UMM | ||
| 043 | |a a-my--- | ||
| 090 | |a LG397 |b T38Abdha | ||
| 091 | |a Microfiche 3373 | ||
| 100 | 0 | 0 | |a Abdul Hamid Awang. |
| 245 | 1 | 0 | |a Kebiasaan belajar dan sikap belajar pelajar-pelajar Diploma Kejuruteraan Awam tahun kedua Universiti Teknologi Malaysia Kuala Lumpur / |c Abdul Hamid bin Awang. |
| 260 | |c 1977. | ||
| 300 | |a xiv, 280 leaves : |b tables ; |c 29 cm. | ||
| 500 | |a Mimeographed. | ||
| 502 | |a Dissertation (M.Ed.) -- Fakulti Pendidikan, Universiti Malaya, 1977. | ||
| 504 | |a Bibliography: leaves 163-180. | ||
| 610 | 2 | 0 | |a Universiti Teknologi Malaysia |x Students. |
| 650 | 0 | |a Students |x Attitudes. | |
| 710 | 2 | 0 | |a Universiti Malaya. |b Fakulti Pendidikan. |
| 948 | |a 07/02/1992 |b 30/07/2002 | ||
| 596 | |a 1 8 | ||
| 999 | |a LG397 T3ABDHA |w LC |c 1 |i A002725484 |d 28/2/2002 |l STACKS |m P01UTAMA |n 11 |r Y |s Y |t TESIS |u 10/3/1992 | ||
| 999 | |a LG397 T38ABDHA |w LC |c 1 |i A506698962 |l STACKS |m P08PENDIDI |r Y |s Y |t TESIS |u 25/10/1997 | ||
| 999 | |a LG397 T38ABDHA |w LC |c 2 |i A506698980 |l STACKS |m P08PENDIDI |r Y |s Y |t TESIS |u 25/10/1997 | ||
